Central Library OPAC University of Rajshahi

Schaum's outline of theory and problems of set theory and related topics / (Record no. 53204)

MARC details
000 -LEADER
fixed length control field 01122nam a2200337 a 4500
001 - CONTROL NUMBER
control field 53204
003 - CONTROL NUMBER IDENTIFIER
rucl marc code BD-RJUL
005 - DATE AND TIME OF LATEST TRANSACTION
control field 20211209075926.0
008 - FIXED-LENGTH DATA ELEMENTS--GENERAL INFORMATION
fixed length control field 161004s1998 nyua 001 0 eng
020 ## - INTERNATIONAL STANDARD BOOK NUMBER
International Standard Book Number 0070381593
035 ## - SYSTEM CONTROL NUMBER
System control number MITb10886922
System control number BD-RJUL 53324
040 ## - CATALOGING SOURCE
Original cataloging agency DLC
Transcribing agency DLC
Modifying agency YDX
-- OCL
-- UKM
-- MYG
Language of cataloging eng
041 ## - LANGUAGE CODE
Language code of text/sound track or separate title eng
082 00 - DEWEY DECIMAL CLASSIFICATION NUMBER
Classification number 519.5
Edition number 22
Author mark and year LIS 1999
100 1# - MAIN ENTRY--PERSONAL NAME
Personal name Lipschutz, Seymour.
9 (RLIN) 117581
245 10 - TITLE STATEMENT
Title Schaum's outline of theory and problems of set theory and related topics /
Statement of responsibility, etc. Seymour Lipschutz.
246 30 - VARYING FORM OF TITLE
Title proper/short title Theory and problems of set theory and related topics
Title proper/short title Set theory and related topics
250 ## - EDITION STATEMENT
Edition statement 2nd ed.
260 ## - PUBLICATION, DISTRIBUTION, ETC. (IMPRINT)
Place of publication, distribution, etc. New York :
Name of publisher, distributor, etc. McGraw-Hill,
Date of publication, distribution, etc. c1998 [reprint 1999]
300 ## - PHYSICAL DESCRIPTION
Pagination vi, 282 p. :
Illustrations ill. ;
Size 28 cm.
490 1# - SERIES STATEMENT
Series statement Schaum's outline series
500 ## - GENERAL NOTE
General note Includes index.
650 #0 - SUBJECT ADDED ENTRY--TOPICAL TERM
Topical term or geographic name as entry element Set theory
Form subdivision Outlines, syllabi, etc.
9 (RLIN) 159033
Topical term or geographic name as entry element Set theory
Form subdivision Problems, exercises, etc.
9 (RLIN) 159034
Topical term or geographic name as entry element Mathematical Statistics
9 (RLIN) 159035
830 #0 - SERIES ADDED ENTRY--UNIFORM TITLE
Uniform title Schaum's outline series.
942 ## - ADDED ENTRY ELEMENTS (KOHA)
Source of classification or shelving scheme Dewey Decimal Classification
Koha item type Books
Holdings
Lost status Source of classification or shelving scheme Damaged status Not for loan Collection code Permanent Location Current Location Shelving location Date acquired Source of acquisition Cost, normal purchase price Total Checkouts Full call number Date last seen Copy number Koha item type
  Dewey Decimal Classification     Non-fiction Central Library, University of Rajshahi Central Library, University of Rajshahi   26/04/2001 Aligash library, Rajshahi 150.00   519.5 LIS 1998 04/10/2016 C-2 Books